[Event "POL-chT 1st League"]
[Site "Szklarska Poreba"]
[Date "2021.09.04"]
[Round "1.8"]
[White "Rejniak, Zuzanna"]
[Black "Lach, Aleksandra"]
[Result "0-1"]
[WhiteElo "1810"]
[BlackElo "2157"]
[PlyCount "90"]
[EventDate "2021.09.04"]
[EventType "team-swiss"]
[EventRounds "9"]
[EventCountry "POL"]
[SourceTitle "CBM 204 Extra"]
[Source "ChessBase"]
[SourceDate "2021.11.30"]
[SourceVersion "1"]
[SourceVersionDate "2021.11.30"]
[SourceQuality "1"]
[WhiteTeam "Warszawa Czternastka"]
[BlackTeam "Czestochowa Hetman"]
[WhiteTeamCountry "POL"]
[BlackTeamCountry "POL"]

1. e4 c5 2. Nf3 a6 3. c3 d5 4. exd5 Qxd5 5. d4 cxd4 6. cxd4 Nf6 7. Nc3 Qd6 8. Be2 e6 9. 0-0 Be7 10. Bg5 0-0 11. Qd2 Nc6 12. Bxf6 Bxf6 13. Ne4 Qe7 14. Nxf6+ Qxf6 15. Rfd1 Rd8 16. Qc3 Ne7 17. Ne5 Nd5 18. Qg3 Bd7 19. Rac1 Bb5 20. Bh5 Be8 21. Bf3 Qe7 22. Rc5 f6 23. Bxd5 Rxd5 24. Rxd5 exd5 25. Ng4 Bg6 26. Ne3 Re8 27. h4 Qe4 28. Qc7 Qxh4 29. Qxb7 Bf7 30. Qxa6 f5 31. Nxf5 Qg4 32. Qd3 Bg6 33. f3 Qxf5 34. Qxf5 Bxf5 35. Kf2 Ra8 36. Ra1 Bd3 37. a3 Re8 38. b4 Re2+ 39. Kg3 Rb2 40. Kf4 Kf7 41. Ke5 Ke7 42. Kxd5 Kd7 43. Kc5 Rc2+ 44. Kd5 Rxg2 45. a4 Rg5# 0-1

[Event "Warsaw Najdorf Memorial op-B"]
[Site "Warsaw"]
[Date "2021.07.13"]
[Round "4"]
[White "Rejniak, Zuzanna"]
[Black "Babijczuk, Wojciech"]
[Result "1-0"]
[WhiteElo "1768"]
[BlackElo "1493"]
[PlyCount "59"]
[EventDate "2021.07.10"]
[EventType "swiss"]
[EventRounds "9"]
[EventCountry "POL"]
[SourceTitle "EXT 2022"]
[Source "ChessBase"]
[SourceDate "2021.10.06"]
[SourceVersion "1"]
[SourceVersionDate "2021.10.06"]
[SourceQuality "1"]

1. e4 c5 2. Nf3 d6 3. d4 cxd4 4. Nxd4 g6 5. Nc3 a6 6. Be3 Bg7 7. Qd2 Nf6 8. f3 Bd7 9. 0-0-0 Nc6 10. g4 Rc8 11. Kb1 b5 12. h4 b4 13. Nce2 a5 14. Nxc6 Bxc6 15. Nd4 Qc7 16. h5 gxh5 17. gxh5 Rg8 18. Nf5 Bf8 19. Ba6 Rb8 20. h6 a4 21. Rhg1 Rg6 22. Rxg6 fxg6 23. Ng7+ Bxg7 24. hxg7 Bb5 25. Bxb5+ Rxb5 26. Qd3 Qc6 27. e5 Ng8 28. exd6 exd6 29. Rh1 Qxf3 30. Qxb5+ 1-0

[Event "Warsaw Najdorf Memorial op-B"]
[Site "Warsaw"]
[Date "2021.07.11"]
[Round "2"]
[White "Rejniak, Zuzanna"]
[Black "Jaszczuk, Piotr"]
[Result "1-0"]
[WhiteElo "1768"]
[BlackElo "1424"]
[PlyCount "83"]
[EventDate "2021.07.10"]
[EventType "swiss"]
[EventRounds "9"]
[EventCountry "POL"]
[SourceTitle "EXT 2022"]
[Source "ChessBase"]
[SourceDate "2021.10.06"]
[SourceVersion "1"]
[SourceVersionDate "2021.10.06"]
[SourceQuality "1"]

1. e4 c5 2. Nf3 e6 3. d4 cxd4 4. Nxd4 a6 5. c4 Qc7 6. Nc3 b6 7. Be3 Bb7 8. Bd3 Nf6 9. f4 h5 10. h3 Bc5 11. e5 Ng8 12. Be4 Nc6 13. Ndb5 axb5 14. Nxb5 Qb8 15. Bxc5 bxc5 16. Qd6 Qxd6 17. Nxd6+ Ke7 18. Nxb7 Rb8 19. Bxc6 dxc6 20. Nxc5 Rxb2 21. 0-0 Nh6 22. Rf2 Rxf2 23. Kxf2 Rd8 24. a4 Nf5 25. a5 Ra8 26. a6 Kd8 27. Rb1 Kc8 28. Rb6 Nd4 29. Ke3 Nc2+ 30. Kd2 Nd4 31. Kd3 Nf5 32. Rxc6+ Kd8 33. Rb6 Kc7 34. Na4 Ra7 35. c5 Ne7 36. Nc3 Ra8 37. Rb7+ Kd8 38. a7 Nc6 39. Nb5 Nb4+ 40. Kc4 Nc6 41. Rxf7 Ke8 42. Nd6+ 1-0

[Event "Warsaw Najdorf Memorial op-B"]
[Site "Warsaw"]
[Date "2021.07.10"]
[Round "1"]
[White "Szaniawski, Mikolaj"]
[Black "Rejniak, Zuzanna"]
[Result "0-1"]
[WhiteElo "1245"]
[BlackElo "1768"]
[PlyCount "82"]
[EventDate "2021.07.10"]
[EventType "swiss"]
[EventRounds "9"]
[EventCountry "POL"]
[SourceTitle "EXT 2022"]
[Source "ChessBase"]
[SourceDate "2021.10.06"]
[SourceVersion "1"]
[SourceVersionDate "2021.10.06"]
[SourceQuality "1"]

1. e4 c5 2. Nf3 d6 3. c3 Nf6 4. h3 Nbd7 5. Bd3 b6 6. Bc2 Bb7 7. Qe2 g6 8. d4 Bg7 9. 0-0 0-0 10. Bf4 Rc8 11. d5 a6 12. Nbd2 b5 13. Nb3 Nb6 14. Na5 Ba8 15. Nb3 Na4 16. Rab1 Nd7 17. Qd2 Ndb6 18. Na5 Nxd5 19. exd5 Qxa5 20. Bxa4 Qxa4 21. b3 Qe4 22. Rbd1 Bxc3 23. Qxc3 Qxf4 24. Rfe1 Rfe8 25. Qa5 Qf5 26. Qxa6 Bxd5 27. Nd2 b4 28. Qe2 Ra8 29. Nc4 Bxc4 30. bxc4 Ra6 31. Qb2 e5 32. Rd2 Rea8 33. Qb3 Ra3 34. Qb2 Qf4 35. Rc2 Rxa2 36. Qxa2 Rxa2 37. Rxa2 Qxc4 38. Rd2 Qc3 39. Red1 b3 40. Rd3 Qb4 41. Rb1 c4 0-1

[Event "POL-chT U20"]
[Site "Lublin"]
[Date "2021.07.04"]
[Round "9.5"]
[White "Marcinczyk, Monika"]
[Black "Rejniak, Zuzanna"]
[Result "1-0"]
[WhiteElo "2090"]
[BlackElo "1754"]
[PlyCount "61"]
[EventDate "2021.06.26"]
[EventType "team-tourn"]
[EventRounds "9"]
[EventCountry "POL"]
[SourceTitle "CBM 203 Extra"]
[Source "ChessBase"]
[SourceDate "2021.09.30"]
[SourceVersion "1"]
[SourceVersionDate "2021.09.30"]
[SourceQuality "1"]
[WhiteTeam "Bialystok MUKS Stoczek 45"]
[BlackTeam "Warszawa Czternastka"]
[WhiteTeamCountry "POL"]
[BlackTeamCountry "POL"]

1. e4 c5 2. Nc3 e6 3. Nge2 Nc6 4. d4 cxd4 5. Nxd4 Nf6 6. Ndb5 d6 7. Bf4 e5 8. Bg5 a6 9. Na3 Be6 10. Nc4 Rc8 11. Bxf6 gxf6 12. Ne3 Nd4 13. Bd3 Rg8 14. 0-0 Bh6 15. Ncd5 Bxe3 16. fxe3 Nf5 17. Rxf5 Bxf5 18. exf5 Rc5 19. c4 b5 20. b4 Rc8 21. cxb5 axb5 22. Qh5 Kf8 23. Qh6+ Rg7 24. Nxf6 Rc3 25. Nxh7+ Kg8 26. Nf6+ Kf8 27. Qh8+ Ke7 28. Nd5+ Kd7 29. Bxb5+ Kc8 30. Qxd8+ Kxd8 31. Nxc3 1-0

[Event "POL-chT U20"]
[Site "Lublin"]
[Date "2021.06.26"]
[Round "1.5"]
[White "Rejniak, Zuzanna"]
[Black "Bugaj, Hanna"]
[Result "1/2-1/2"]
[WhiteElo "1754"]
[BlackElo "1769"]
[PlyCount "136"]
[EventDate "2021.06.26"]
[EventType "team-tourn"]
[EventRounds "9"]
[EventCountry "POL"]
[SourceTitle "CBM 203 Extra"]
[Source "ChessBase"]
[SourceDate "2021.09.30"]
[SourceVersion "1"]
[SourceVersionDate "2021.09.30"]
[SourceQuality "1"]
[WhiteTeam "Warszawa Czternastka"]
[BlackTeam "Rydultowy Ognisko"]
[WhiteTeamCountry "POL"]
[BlackTeamCountry "POL"]

1. e4 e6 2. d4 d5 3. Nc3 Nf6 4. Bg5 dxe4 5. Nxe4 Be7 6. Bxf6 gxf6 7. Nf3 f5 8. Ned2 a6 9. Nc4 b5 10. Nce5 Bb7 11. a4 c6 12. Bd3 Nd7 13. Nxd7 Qxd7 14. Qe2 0-0 15. Rd1 Qc7 16. 0-0 bxa4 17. Rfe1 Bf6 18. Ra1 c5 19. Rxa4 cxd4 20. Rea1 a5 21. Nxd4 Kh8 22. c3 Rg8 23. f3 Qb6 24. Kh1 Rg7 25. b4 Rag8 26. bxa5 Qd8 27. a6 Ba8 28. a7 Rg6 29. Rb4 Qd5 30. Rb8 Bxd4 31. cxd4 Qxd4 32. Qb2 Qxb2 33. Rxb2 Rd8 34. Rb8 Rgg8 35. Rab1 Rxd3 36. Rxg8+ Kxg8 37. Rb8+ Kg7 38. h3 Bd5 39. a8Q Bxa8 40. Rxa8 h6 41. Kh2 f6 42. Kg3 Rd4 43. f4 e5 44. fxe5 fxe5 45. Ra6 h5 46. Re6 h4+ 47. Kf3 Rd3+ 48. Kf2 e4 49. Ra6 Rg3 50. Re6 Rg6 51. Re8 Kf6 52. Rh8 Kg5 53. Ke3 Rd6 54. Rg8+ Rg6 55. Rh8 Kf6 56. Kf2 Kg5 57. Ke3 Rh6 58. Rf8 Rd6 59. Rg8+ Rg6 60. Rh8 Kf6 61. Kf2 Ke5 62. Rxh4 f4 63. Rh8 e3+ 64. Kf1 Ke4 65. Re8+ Kf5 66. Rf8+ Ke4 67. Re8+ Kf5 68. Rf8+ Ke5 1/2-1/2

[Event "Ustron op-C"]
[Site "Ustron"]
[Date "2020.08.15"]
[Round "1"]
[White "Bartoszczuk, Adam"]
[Black "Rejniak, Zuzanna"]
[Result "0-1"]
[WhiteElo "1290"]
[BlackElo "1647"]
[PlyCount "126"]
[EventDate "2020.08.15"]
[EventType "swiss"]
[EventRounds "9"]
[EventCountry "POL"]
[SourceTitle "EXT 2021"]
[Source "ChessBase"]
[SourceDate "2020.10.23"]
[SourceVersion "1"]
[SourceVersionDate "2020.10.23"]
[SourceQuality "1"]

1. e4 c5 2. Nf3 d6 3. d4 cxd4 4. Nxd4 Nf6 5. Nc3 a6 6. Be2 e5 7. Nb3 Be6 8. f4 exf4 9. Bxf4 Nc6 10. Qd2 Ne5 11. 0-0-0 Be7 12. Kb1 0-0 13. h3 b5 14. g4 b4 15. Nd5 Nxe4 16. Nxe7+ Qxe7 17. Qd4 Nf6 18. Qxd6 Qxd6 19. Rxd6 Ng6 20. Bh2 a5 21. Nc5 Bd5 22. Rd1 Bg2 23. Bd3 Bxh3 24. g5 Ng4 25. Bg3 Ne3 26. Re1 Nf5 27. Bxf5 Bxf5 28. Red1 Rac8 29. R6d5 Ne7 30. Re5 f6 31. Rxe7 Rxc5 32. Rd2 Rfc8 33. Ree2 fxg5 34. Bf2 R5c6 35. b3 h5 36. Kb2 Kh7 37. Be3 g4 38. Bg5 Rc3 39. Bd8 R8c5 40. Bb6 Rb5 41. Bd4 Rc7 42. a4 bxa3+ 43. Kxa3 Bg6 44. c4 Rbb7 45. Re5 h4 46. Rh2 h3 47. Rg5 Rd7 48. Rxg4 Bf5 49. Rf4 Rf7 50. c5 g5 51. Rf1 Rxb3+ 52. Kxb3 Be6+ 53. Ka4 Rxf1 54. Kxa5 Rb1 55. c6 Kg6 56. c7 Bc8 57. Rf2 g4 58. Rf6+ Kg5 59. Rf8 h2 60. Rxc8 h1Q 61. Rg8+ Kf4 62. c8Q Qd5+ 63. Ka6 Qa2# 0-1